00253nam a2200097Ia 4500008004100000100001900041245004900060260002200109942000700131999001700138190216s9999||||xx |||||||||||||| ||und|| aEmanual Parzen 0aModern Probability Teory And Its Application bWiley Eastern Ltd cBK c30685d30685